Southville International School and Colleges
Your cart is empty.
  • Cart
  • Lists
    Public lists Eva Luna New books Lux_list list_1
    Your lists Log in to create your own lists
  • Log in to your account
  • Your cookies
  • Search history
Southville International School and Colleges
  • Advanced search
  • Recent comments
  • Most popular
  • Libraries

Log in to your account

Log in with GOOGLE


If you do not have an external account, but do have a local account, you can still log in:

  1. Home
  2. MARC view: Dolly and the train
Normal view MARC view ISBD view

Dolly and the train (Record no. 366673)

[ view plain ]
MARC details
000 -LEADER
fixed length control field 00806nam a22002417a 4500
003 - CONTROL NUMBER IDENTIFIER
control field 0
005 - DATE AND TIME OF LATEST TRANSACTION
control field 20250917103856.0
008 - FIXED-LENGTH DATA ELEMENTS--GENERAL INFORMATION
fixed length control field 241111b xxu||||| |||| 00| 0 eng d
020 ## - INTERNATIONAL STANDARD BOOK NUMBER
International Standard Book Number 978-0-7460-6200-5
050 ## - LIBRARY OF CONGRESS CALL NUMBER
Classification number TR(PS
Item number D665 2019
082 ## - DEWEY DECIMAL CLASSIFICATION NUMBER
Classification number TR(PS
Item number D665 2019
100 ## - MAIN ENTRY--PERSONAL NAME
Personal name Amery, Heather
245 ## - TITLE STATEMENT
Title Dolly and the train
Statement of responsibility, etc Heather Amery, illustrated by Stephen Cartwright.
250 ## - EDITION STATEMENT
Edition statement 1st ed.
260 ## - PUBLICATION, DISTRIBUTION, ETC. (IMPRINT)
Place of publication, distribution, etc Saffron Hill, London :
Name of publisher, distributor, etc Usborne Publishing Ltd,
Date of publication, distribution, etc c2019.
300 ## - PHYSICAL DESCRIPTION
Extent 16 unnumbered pages :
Other physical details col. ill. ;
Dimensions 21 cm.
490 ## - SERIES STATEMENT
Series statement Usborne farmyard tales
650 ## - SUBJECT ADDED ENTRY--TOPICAL TERM
Topical term or geographic name as entry element Children's stories Pictorial works
650 ## - SUBJECT ADDED ENTRY--TOPICAL TERM
Topical term or geographic name as entry element Juvenile works
650 ## - SUBJECT ADDED ENTRY--TOPICAL TERM
Topical term or geographic name as entry element Apple Tree Farm (Imaginary place) Pictorial works Juvenile fiction
700 ## - ADDED ENTRY--PERSONAL NAME
Personal name Cartwright, Stephen,
Relator term illustrator.
942 ## - ADDED ENTRY ELEMENTS (KOHA)
Source of classification or shelving scheme Dewey Decimal Classification
Koha item type Books
Holdings
Withdrawn status Lost status Source of classification or shelving scheme Damaged status Home library Current library Shelving location Date acquired Source of acquisition Total Checkouts Full call number Barcode Date last seen Price effective from Koha item type Sub Shelving location
    Dewey Decimal Classification   Elizalde Library Elizalde Library Teachers Reference Section 09/17/2025 Library Fund   TR(PS D665 2019 E12597 09/17/2025 09/17/2025 Books  
    Dewey Decimal Classification   Munich Library Munich Library Easy Reading Section 11/11/2024 Library Fund   ER D665 2019 M8507 11/11/2024 11/11/2024 Books  

Dolly and the train

APA

Amery H., Cartwright S., . (2019). Dolly and the train. Saffron Hill, London: Usborne Publishing Ltd.

Chicago

Amery Heather, Cartwright Stephen, . 2019. Dolly and the train. Saffron Hill, London: Usborne Publishing Ltd.

Harvard

Amery H., Cartwright S., . (2019). Dolly and the train. Saffron Hill, London: Usborne Publishing Ltd.

MLA

Amery Heather, Cartwright Stephen, . Dolly and the train. Saffron Hill, London: Usborne Publishing Ltd. 2019.

  • Place hold
  • Print
  • Cite
  • Add to your cart (remove)
  • Save record
    BIBTEX Dublin Core MARCXML MARC (non-Unicode/MARC-8) MARC (Unicode/UTF-8) MARC (Unicode/UTF-8, Standard) MODS (XML) RIS
  • More searches
    Search for this title in:
    Other Libraries (WorldCat) Other Databases (Google Scholar) Online Stores (Bookfinder.com) Open Library (openlibrary.org)

Exporting to Dublin Core...

SOUTHVILLE LIBRARY

Southville International School and Colleges Library

1281 Tropical Ave. Cor. Luxembourg St., BF Homes International, Las Pinas City

Tel. No. 8256374 / 252358 Loc. 117/146

Powered by Koha